000 00284nam a22001337a 4500
008 170803b xxu||||| |||| 00| 0 eng d
020 _a9780132454995
041 _aeng
080 _a004
100 _a32
101 _aSHK
245 _aREUSABLE SOFTWARE
_cMEYER,B
942 _2udc
_cBK
999 _c22614
_d22614